00457nam a22001692 4500001001100000005001700011008004100028020001700069040001500086100003100101245005300132250001300185260002700198300001900225650004000244852000300284000002054520151217145925.0110922s xx 000 0 eng d a1412957106 : aKABUcKABU1 aBui, Yvonne N.@000018093810aHow to write a master's thesis /cYvonne N. Bui. a1st ed. aLondon :bSAGE,c2009. axviii, 300 p. 0aDissertation, Academic.@00001481551